000 00718nam a2200229 a 4500
003 MX-MxUPN
005 20231117063601.0
008 231116t2000 mx a||||r|||| 000 0 spa d
020 _a9683679048
040 _aMX-MxUPN
_bspa
_cMX-MxUPN
041 0 _aspa
050 1 4 _aQP90.4
_bA74 2000
100 1 _aAréchiga, Hugo
_931302
245 1 0 _aHomeostasis
250 _aPrimera edición.
260 _aMéxico, D.F. :
_bUniversidad Nacional Autónoma de México, Centro de Investigaciones Interdisciplinarias en Ciencias y Humanidades,
_c©2000.
300 _a36 páginas :
_bilustraciones
490 0 _aColección Conceptos
650 0 _aHomeostasis
_950657
902 _aVíctor Ruiz/161123
942 _2lcc
_cFOLL
999 _c210670
_d210670